Score 0/20 Timer 03:00
2 Plays Today
Hint Answer % Correct
Another One _____ the DustBites
96%
Somebody to _____Love
94.8%
We Will _____ YouRock
92.1%
Bohemian _____Rhapsody
91%
You're My Best _____Friend
88%
We are the _____Champions
84.4%
_____ PressureUnder
84%
_____ Little Thing Called LoveCrazy
82.4%
Fat _____ GirlsBottomed
69.1%
Don't _____ Me NowStop
56.9%
Hint Answer % Correct
I Want to _____ FreeBreak
53.6%
_____ Ga Ga Radio
52.2%
_____ RaceBicycle
50.1%
Who Wants to Live _____Forever
48.6%
_____ the GamePlay
45.3%
I'm Going Slightly _____Mad
42.5%
Let Me _____Live
39%
_____ LanguageBody
38.8%
A Kind of _____Magic
34.9%
Thank God It's _____Christmas
19.5%

Today's Daily Dose

Missing Word
3 Word TV Shows

Word Ladder
Olsen Twins

Quick Pick
TLC Shows

You're not logged in!

Compare scores with friends on all Sporcle quizzes.
OR
Log In

Sporcle TV

Today on Sporcle TV


Watch our educational content, quiz creation guides, and fun videos on Sporcle TV.

Show Comments

Extras

Top Quizzes Today


Score Distribution

Paid Content

Your Account Isn't Verified!

In order to create a playlist on Sporcle, you need to verify the email address you used during registration. Go to your Sporcle Settings to finish the process.

Report this User

Report this user for behavior that violates our Community Guidelines.

Details: